Statistiques concernant Personnages d'anime (manga) en images - Z

Cliquez ici pour prendre le quiz!

Statistiques générales

  • Ce quiz a été pris 128 fois
  • Le résultat moyen est 5 sur 20

Statistiques - réponses

Réponse% Correct
Zenitsu Agatsuma
94%
Zabuza Momochi
75%
Zeff
68%
Zorua
57%
Zeno Zoldyck
53%
Zeldris
43%
Zangetsu
28%
Zora Ideale
26%
Zombieman
16%
Zero
14%
Zebra
7%
Zenith Greyrat
7%
Zera
7%
Ziggy
4%
Zenji Marui
3%
Zaveid
2%
Zenzo Hattori
2%
Zelos Wilder
1%
Zwei
1%
Zheng Ying
0%

Distribution des résultats

Percentile par nombre de réponses

% des personnes avec chaque résultat

Votre développement - résultats

Vous n’avez pas pris ce quiz